| 000 | 00683nam a22002177a 4500 | ||
|---|---|---|---|
| 942 | _cBK | ||
| 999 |
_c617 _d617 |
||
| 005 | 20250420134818.0 | ||
| 008 | 200813b ||||| |||| 00| 0 eng d | ||
| 020 | _a9780521559133 | ||
| 040 | _cKCST | ||
| 082 |
_a330 _bAn Ma |
||
| 100 |
_aAnthony, Martin _95090 |
||
| 245 |
_aMathematics for economics and finance : _bmethods and modelling / _cMartin Anthony; Norman L Biggs |
||
| 260 |
_aCambridge : _bCambridge University Press, _c2014. |
||
| 300 | _a394 p. | ||
| 650 |
_aMathematical Economics - _vTextbooks. _95091 |
||
| 650 |
_aFinance _vMathematical models _vTextbooks. _95092 |
||
| 655 |
_aTextbooks. _94759 |
||
| 700 |
_aBiggs, Norman _95093 |
||
| 942 | _2ddc | ||